00576nam a22001697a 450000500170000001000140001702000230003102000260005403500130008003700130009310000300010624500890013626000600022527000460028530000260033150000490035720100726124446.0 aENG-96749 a8124604126c900.00 a9788124604120c900.00 aEN-80282 bDBAD/PUB aKaul Deambi, Bhushan KumR aSarada and takari alphabets :borigin and development cby Bhushan Kumar Kaul Deambi aNew DelhibIndira Gandhi National Centre for Artsc2008 aCentral Vista, JanpathbNew Delhie110001 axxii, 175pc28cm (Hb) aIncludes bibliographical refrences and index